|
|
|
|
| LEADER |
00000cam a2200000 7i4500 |
| 001 |
0000003346 |
| 005 |
20050824.0 |
| 020 |
0 |
0 |
|a 9837205008
|
| 090 |
0 |
0 |
|a 305.89923
|b ASR
|
| 100 |
1 |
0 |
|a Asrul Zamani, Dr
|
| 245 |
1 |
0 |
|a The Malay ideals
|c Dr. Asrul Zamani
|
| 260 |
0 |
0 |
|a Kuala Lumpur :
|b Golden Books Centre ,
|c 2002
|
| 300 |
|
|
|a vii, 416p. :
|b ill. ;
|c 22cm.
|
| 650 |
0 |
0 |
|a Malays
|x Economic conditions
|
| 650 |
0 |
0 |
|a Malays
|x Social conditions
|
| 650 |
0 |
0 |
|a Malays
|x Social life and customs
|
| 651 |
0 |
0 |
|a Malaysia
|x Ethnic relations
|
| 999 |
|
|
|a 0000006325
|b Monograph
|c Open Shelf
|e Default branch
|